000 00307nam a2200109Ia 4500
008 200302s9999 xx 000 0 und d
100 _aJacqueline Hassink
245 _aPrivate and Public: Mapping the Boundaries Mindscapes
260 _bBirkhauser Publishers for Architecture
260 _c2003
300 _a195
999 _c3316
_d3316